| 000 | 00492nam a2200169Ia 4500 | ||
|---|---|---|---|
| 999 |
_c3056 _d3056 |
||
| 020 | _a0-521-52090-8 | ||
| 082 | _a330.015195 FRA-; | ||
| 100 | _aFranses, Philip Hans | ||
| 245 | 2 | _aA concise introduction to econometrics: an intuitive guide | |
| 260 |
_aCambridge _bCambridge University Press _c2002 |
||
| 300 | _a117p. | ||
| 504 | _aIncludes index | ||
| 650 | _aEconometrics - Case studies | ||
| 650 | _aEconomics, Mathematical | ||
| 650 | _aEconomics - Mathematical models | ||
| 942 | _cBK | ||